<?xml version="1.0" encoding="UTF-8"?>
<record
    xmlns:xsi="http://www.w3.org/2001/XMLSchema-instance"
    xsi:schemaLocation="http://www.loc.gov/MARC21/slim http://www.loc.gov/standards/marcxml/schema/MARC21slim.xsd"
    xmlns="http://www.loc.gov/MARC21/slim">

  <leader>01130pam a2200325 i 4500</leader>
  <datafield tag="999" ind1=" " ind2=" ">
    <subfield code="c">7682</subfield>
    <subfield code="d">7682</subfield>
  </datafield>
  <controlfield tag="001">991060786269306706</controlfield>
  <controlfield tag="003">OSt</controlfield>
  <controlfield tag="005">20230329102912.0</controlfield>
  <controlfield tag="008">221010s2022    spc||||  |||| 0|0 0bcat| </controlfield>
  <datafield tag="015" ind1=" " ind2=" ">
    <subfield code="a">LL2023</subfield>
    <subfield code="2">bnc</subfield>
  </datafield>
  <datafield tag="017" ind1=" " ind2=" ">
    <subfield code="a">DL B 19965-2022</subfield>
    <subfield code="b">Biblioteca de Catalunya</subfield>
  </datafield>
  <datafield tag="020" ind1=" " ind2=" ">
    <subfield code="a">9788419326522</subfield>
  </datafield>
  <datafield tag="040" ind1=" " ind2=" ">
    <subfield code="a">ES-BaBC</subfield>
    <subfield code="b">cat</subfield>
    <subfield code="e">rda</subfield>
    <subfield code="c">CDMR</subfield>
  </datafield>
  <datafield tag="043" ind1=" " ind2=" ">
    <subfield code="a">e-sp---</subfield>
    <subfield code="b">e-spc--</subfield>
    <subfield code="2">catmarc</subfield>
  </datafield>
  <datafield tag="080" ind1=" " ind2=" ">
    <subfield code="a">929Pujolar Amat, Vict&#xF2;ria</subfield>
    <subfield code="2">2004</subfield>
  </datafield>
  <datafield tag="100" ind1="1" ind2=" ">
    <subfield code="a">Alt&#xE9;s, Elvira,</subfield>
  </datafield>
  <datafield tag="245" ind1="1" ind2="0">
    <subfield code="a">Vict&#xF2;ria, la irreductible :</subfield>
    <subfield code="b">Vict&#xF2;ria Pujolar Amat /</subfield>
    <subfield code="c">Elvira Alt&#xE9;s</subfield>
  </datafield>
  <datafield tag="264" ind1=" " ind2="1">
    <subfield code="a">Barcelona :</subfield>
    <subfield code="b">Generalitat de Catalunya,</subfield>
    <subfield code="c">2022</subfield>
  </datafield>
  <datafield tag="300" ind1=" " ind2=" ">
    <subfield code="a">283 p&#xE0;gines :</subfield>
    <subfield code="b">il&#xB7;lustracions ;</subfield>
    <subfield code="c">23 cm</subfield>
  </datafield>
  <datafield tag="490" ind1="1" ind2=" ">
    <subfield code="a">Persones il&#xB7;lustres ;</subfield>
    <subfield code="v">19</subfield>
  </datafield>
  <datafield tag="504" ind1=" " ind2=" ">
    <subfield code="a">Bibliografia.</subfield>
  </datafield>
  <datafield tag="600" ind1="1" ind2="7">
    <subfield code="a">Pujolar Amat, Vict&#xF2;ria,</subfield>
    <subfield code="d">1921-2017.</subfield>
    <subfield code="2">lemac</subfield>
  </datafield>
  <datafield tag="610" ind1="2" ind2="7">
    <subfield code="9">4570</subfield>
    <subfield code="a">Radio Espa&#xF1;a Independiente</subfield>
  </datafield>
  <datafield tag="650" ind1=" " ind2="7">
    <subfield code="a">Dones activistes pol&#xED;tiques</subfield>
    <subfield code="z">Catalunya</subfield>
    <subfield code="v">Biografia.</subfield>
    <subfield code="2">lemac</subfield>
  </datafield>
  <datafield tag="650" ind1=" " ind2="0">
    <subfield code="a">Dones periodistes</subfield>
    <subfield code="z">Catalunya</subfield>
    <subfield code="v">Biografia</subfield>
    <subfield code="9">2913</subfield>
  </datafield>
  <datafield tag="830" ind1=" " ind2="0">
    <subfield code="a">Persones il&#xB7;lustres ;</subfield>
    <subfield code="v">19</subfield>
  </datafield>
  <datafield tag="908" ind1=" " ind2=" ">
    <subfield code="a">CHCC</subfield>
    <subfield code="a">ICD</subfield>
    <subfield code="a">RS</subfield>
    <subfield code="a">BMON</subfield>
    <subfield code="a">BPC</subfield>
    <subfield code="a">ANC</subfield>
    <subfield code="a">MD</subfield>
    <subfield code="a">UAB</subfield>
    <subfield code="a">BC</subfield>
  </datafield>
  <datafield tag="940" ind1=" " ind2=" ">
    <subfield code="a">BC</subfield>
  </datafield>
  <datafield tag="942" ind1=" " ind2=" ">
    <subfield code="2">udc</subfield>
    <subfield code="c">MON</subfield>
  </datafield>
  <datafield tag="952" ind1=" " ind2=" ">
    <subfield code="0">0</subfield>
    <subfield code="1">0</subfield>
    <subfield code="4">0</subfield>
    <subfield code="7">0</subfield>
    <subfield code="a">CDMR</subfield>
    <subfield code="b">CDMR</subfield>
    <subfield code="d">2023-03-29</subfield>
    <subfield code="e">Donaci&#xF3;</subfield>
    <subfield code="g">20.00</subfield>
    <subfield code="l">5</subfield>
    <subfield code="m">3</subfield>
    <subfield code="o">Du 1/194</subfield>
    <subfield code="p">CDMR23010006</subfield>
    <subfield code="q">2024-12-19</subfield>
    <subfield code="r">2024-11-07</subfield>
    <subfield code="s">2024-11-07</subfield>
    <subfield code="w">2023-03-29</subfield>
    <subfield code="y">MON</subfield>
  </datafield>
</record>
